Thang máy

Đã lưu trong:
Sonraí Bibleagrafaíochta
Príomhúdar: Tiêu chuẩn Việt Nam
Formáid: Leabhar
Teanga:Vietnamese
Foilsithe: Xây dựng 1999
Ábhair:
Clibeanna: Cuir Clib Leis
Gan Chlibeanna, Bí ar an gcéad duine leis an taifead seo a chlibeáil!
Thư viện lưu trữ: Mạng thư viện Đại học Đà Nẵng
LEADER 01026nam a2200337 a 4500
001 000003416
003 01535
005 20171229145311.0
008 171229s1999 vie
040 |a LSK 
041 0 |a VIE 
082 0 |a 690.0218  |b Th-M 
100 1 |a Tiêu chuẩn Việt Nam 
245 0 0 |a Thang máy 
260 |b Xây dựng  |c 1999 
300 |a 156 pages  |c 27 cm. 
653 |a Tiêu chuẩn Việt Nam 
653 |a Tiêu chuẩn xây dựng 
653 |a Thang máy 
852 |a Phòng Đọc - Phòng Mượn 
901 |a 48 
927 |a Sách tham khảo 
OWN |a LSK 
AVA |a UDN50  |b LSK  |d 690.0218 Th-M  |e check_holdings  |t Error 5003 Not defined in file expand_doc_bib_avail.  |h N  |k 1 
999 |a From the UDN01 
AVA |a UDN50  |b LSK  |d 690.0218 Th-M  |e available  |t Error 5001 Not defined in file expand_doc_bib_avail.  |f 48  |g 0  |h N  |i 0  |k 1 
TYP |a Monograph 
TYP |a Printed language 
980 |a Mạng thư viện Đại học Đà Nẵng